|
|
|
|
| LEADER |
00000naa2a2200000 4500 |
| 001 |
234123 |
| 005 |
20260121111356.0 |
| 035 |
|
|
|a (RuTPU)RU\TPU\book\255223
|
| 035 |
|
|
|a RU\TPU\book\255222
|
| 090 |
|
|
|a 234123
|
| 100 |
|
|
|a 20130318d2012 k y0rusy50 ca
|
| 101 |
0 |
|
|a rus
|
| 102 |
|
|
|a RU
|
| 181 |
|
0 |
|a i
|
| 182 |
|
0 |
|a b
|
| 200 |
1 |
|
|a Получение нанослоистых дисульфидов вольфрама и молибдена
|f М. И. Ажгихин, Ф. Е. Божеев
|g науч. рук. В. В. Ан
|
| 203 |
|
|
|a Текст
|c электронный
|
| 215 |
|
|
|a 1 файл (401 Кб)
|
| 225 |
1 |
|
|a Нанотехнологии и пучково-плазменные технологии создания материалов с заданными свойствами
|
| 300 |
|
|
|a Заглавие с экрана
|
| 320 |
|
|
|a Библиогр.: с. 75 (4 назв.)]
|
| 330 |
|
|
|a В данной работе исследуются нанослоистые порошки дисульфидов металлов, полученные методом самораспространяющегося высокотемпературного синтеза в атмосфере аргона. Исходная шихта для синтеза приготавливалась из ультрадисперсных порошков металлов и элементарной серы.Приведены результаты исследования морфологии и кристаллической структуры порошков дисульфидов
|
| 337 |
|
|
|a Adobe Reader
|
| 463 |
|
1 |
|0 (RuTPU)RU\TPU\book\251281
|t Ресурсоэффективным технологиям - энергию и энтузиазм молодых
|o сборник докладов III Университетской конференции студентов Элитного технического образования, г. Томск, 16 -17 апреля 2012 г.
|f Национальный исследовательский Томский политехнический университет (ТПУ)
|v [С. 73-75]
|d 2012
|
| 610 |
1 |
|
|a электронный ресурс
|
| 610 |
1 |
|
|a труды учёных ТПУ
|
| 610 |
1 |
|
|a получение
|
| 610 |
1 |
|
|a порошки
|
| 610 |
1 |
|
|a металлы
|
| 610 |
1 |
|
|a материалы
|
| 610 |
1 |
|
|a самораспространяющийся высокомолекулярный синтез
|
| 700 |
|
1 |
|a Ажгихин
|b М. И.
|
| 701 |
|
1 |
|a Божеев
|b Ф. Е.
|c специалист в области электрофизики
|c инженер-исследователь Томского политехнического университета
|f 1987-
|g Фараби Есимович
|3 (RuTPU)RU\TPU\pers\30697
|
| 702 |
|
1 |
|a Ан
|b В. В.
|c российский химик
|c научный сотрудник НИИ ВН Томского политехнического университета, кандидат технических наук
|f 1972-
|g Владимир Вилорьевич
|3 (RuTPU)RU\TPU\pers\25572
|4 727
|
| 801 |
|
1 |
|a RU
|b 63413507
|c 20101016
|
| 801 |
|
2 |
|a RU
|b 63413507
|c 20130524
|g RCR
|
| 856 |
4 |
|
|u http://www.lib.tpu.ru/fulltext/c/2012/C08/032.pdf
|
| 942 |
|
|
|c CF
|